Biggest cities in Ethiopia - Statistics

General Stats
  • This quiz has been taken 25 times
  • The average score is 6 of 15
Answer Stats
Population City % Correct
2.7 mil Addis Ababa
100%
252 thou Dire Dawa
83%
153 thou Gondar
74%
168 thou Bahir Dar
57%
90 thou Harar
57%
215 thou Mek’ele
52%
133 thou Hawassa
48%
128 hou Jimma
22%
213 thou Nazret
22%
104 thou Bishoftu
13%
86 thou Sodo
13%
136 thou Dese
9%
75 thou Hosa’ina
9%
93 thou Kombolcha
9%
85 thou Shashemene
4%
No matching quizzes found
Score Distribution
Percent of People with Each Score
Percentile by Number Answered
Your Score History
You have not taken this quiz